Un estudio estocástico de la estructura de equilibrio del sistema bancario (Registro nro. 15147)
[ vista simple ]
| 000 -LEADER | |
|---|---|
| fixed length control field | 00428 a2200133 4500 |
| 001 - CONTROL NUMBER | |
| control field | ART_17844 |
| 005 - DATE AND TIME OF LATEST TRANSACTION | |
| control field | 20260410161701.0 |
| 008 - FIXED-LENGTH DATA ELEMENTS--GENERAL INFORMATION | |
| fixed length control field | 260409a |
| 100 1# - MAIN ENTRY--PERSONAL NAME | |
| Personal name | Canavese, Alfredo Juan |
| 245 10 - TITLE STATEMENT | |
| Title | Un estudio estocástico de la estructura de equilibrio del sistema bancario |
| 700 1# - ADDED ENTRY--PERSONAL NAME | |
| Personal name | Rozenwurcel, Guillermo |
| 700 1# - ADDED ENTRY--PERSONAL NAME | |
| Personal name | Bleger, Leonardo |
| 773 0# - HOST ITEM ENTRY | |
| Title | Ensayos Económicos |
| Related parts | - Nº 16 (dic. 1980) |
| Record control number | REV620 |
No hay ítems disponibles.